书目信息 |
| 题名: |
精密与特种加工
|
|
| 作者: | 王贵成 , 张银喜 主编 | |
| 分册: | ||
| 出版信息: | 武汉 武汉工业大学出版社 2001.07 |
|
| 页数: | 162页 | |
| 开本: | 30cm | |
| 丛书名: | ||
| 单 册: | ||
| 中图分类: | TG5 | |
| 科图分类: | ||
| 主题词: | 金属切削 , 机床 , 金属加工--机具 | |
| 电子资源: | ||
| ISBN: | 7-5629-1734-5 | |
| 000 | 00670nam0 2200229 45 | |
| 001 | 8053797457 | |
| 005 | 1980011414563743 | |
| 010 | @a7-5629-1734-5@dRMB 16.50 | |
| 100 | @a19800114d2001 km y0chiy0120 ea | |
| 101 | 0 | @achi |
| 102 | @aCN@b420000 | |
| 200 | 1 | @a精密与特种加工@Ajing mi yu te zhong jia gong@f王贵成,张银喜主编@FWang Gui Cheng,Zhang Yin Xi Zhu Bian |
| 210 | @a武汉@c武汉工业大学出版社@d2001.07 | |
| 215 | @a162页@d30cm | |
| 606 | 0 | @a金属切削 |
| 606 | 0 | @a机床 |
| 606 | 0 | @a金属加工@x机具 |
| 690 | @aTG5@v3 | |
| 701 | 0 | @a王贵成@AWang Gui Cheng@4主编 |
| 701 | 0 | @a张银喜@AZhang Yin Xi@4主编 |
| 801 | 0 | @aCN@bPFT@c19800114 |
| 905 | @a10447@dTG5@eW190 | |
| 精密与特种加工/王贵成,张银喜主编.-武汉:武汉工业大学出版社,2001.07 |
| 162页;30cm |
| ISBN 7-5629-1734-5:RMB 16.50 |
| ● |
| 相关链接 |
|
|
|
正题名:精密与特种加工
索取号:TG5/W190
 
预约/预借
| 序号 | 登录号 | 条形码 | 馆藏地/架位号 | 状态 | 备注 |
| 1 | 362658 | 203626585 | 自科库501/501自科库 27排1列4层/ [索取号:TG5/W190] | 在馆 | |
| 2 | 44753 | 200447533 | 市政与环境工程学院资料室/101建筑库 96排2列5层/ [索取号:TG5/W190] | 在馆 |